000 01420nam a2200241Ia 4500
003 Ost
005 20260507075339.0
008 260507s9999||||xx |||||||||||||| ||und||
020 _a9045529961
040 _cfsecg
041 _aara
082 _a330
100 _aالجيلالي، عجة
_eمؤلف
245 0 _aأزمة العقار الفلاحي و مقترحات تسويتها من تأميم الملك الخاص الى خوصصة الملك العام /
_c عجة الجيلالي
260 _aالجزائر:
_bدار الخلدونية,
_c2005
300 _a319 صفحة؛
_bإيضاحات ؛
_c24 سم
504 _aقائمة المراجع ص.299؛فهرس الجداول ص.316
520 _aاشكالية العقار الفلاحي المملوك للدولة في ظل النظام الاشتراكي :أزمة العقار الفلاحي المملوك للدولة و مقترحات سلطة اعادة الهيكلة بشان أزمة العقار الفلاحي ، اشكالية العقار الفلاحي المملوك للدولة في ظل النظام الرأسمالي : استقلالية المستثمرات الفلاحية و التعديل الهيكلي للاستغلالات الفلاحية و انعاش هذه الاستغلالات
653 _aالعقارات
653 _aالقطاع الخاص
653 _aالقطاع العام
942 _cكتاب
999 _c44076
_d44076